000 01024nam a2200277 i 4500
001 bg
245 0 0 _aPrawo gospodarcze :
_bzagadnienia administracyjnoprawne /
_cCezary Banasiński [et al.] ; pod red. nauk. Marka Wierzbowskiego i Mirosława Wyrzykowskiego.
250 _aWyd. 5 zm.
260 _aWarszawa :
_bWydaw. Prawnicze "LexisNexis",
_c2005.
300 _a387 s. ;
_c24 cm.
504 _aIndeks.
650 9 _aPrawo gospodarcze
_zPolska
_ystan na 2002 r.
650 9 _aPrawo gospodarcze
_xprawo wspólnotowe europejskie
_ystan na 2002 r.
655 _aPodręczniki akademickie
700 1 _aBANASIŃSKI, Cezary
700 1 _aWIERZBOWSKI, Marek.
_eRed.
700 1 _aWYRZYKOWSKI, Mirosław.
_eRed.
020 _a837334411X
040 _cBPK
041 0 _apol
080 _a346(438+4-67)(075.8)
920 _a83-7334-411-X
942 _cKS
008 s pl f |000 0 pol
999 _c45351
_d45351
856 _uhttp://koha.tu.koszalin.pl/cgi-bin/koha/opac-detail.pl?biblionumber=45351
_yKatalog online BPK